• 首页
  • 本馆介绍
  • 公告通知
  • 最新文献
  • 馆藏检索
  • 电子资源
  • 读者导购
  • 参考咨询
  • 我的图书馆
  • 登录
  • 详细信息显示
  • 放入我的书架
  • 预约/预借图书
  • 作者相关作品
  • 分类相关作品
  • 丛书相关作品
  • 出版社相关作品

书目信息

  • 表格格式
  • 工作单格式
  • 卡片格式
题名:
运动学和应用解剖学
    
 
作者: 拉希 , 柏克 著 ;胡〓 , 廖咸锐 译
分册:  
出版信息: 北京   人民体育出版社  1985
页数: 580页
开本: 19cm
丛书名:
单 册:
中图分类: G804.4
科图分类:
主题词: 运动医学 , 运动解剖-解剖学 , 解剖学-运动解剖
电子资源:
ISBN:
000 00835nam0 2200301 45
001 0185012201
005 20040508164053.4
010    @dCNY4.30
091    @a7015.2269
100    @a19951027d1985 em y0chiy0121 ea
101 1  @achi@ceng
102    @aCN@b110000
105    @ay z 000yy
106    @ar
200 10 @a运动学和应用解剖学@Ayun dong xue he ying yong jie pou xue@f(美)拉希,(美)柏克著@g胡〓,廖咸锐译
210    @a北京@c人民体育出版社@d1985
215    @a580页@d19cm
606    @a运动医学
606    @a运动解剖-解剖学
606    @a解剖学-运动解剖
690    @aG804.4@v3
701  1 @a拉希@4著@Ala xi
701  1 @a柏克@4著@Abai ke
702  0 @a胡〓@4译@Ahu ji
702  0 @a廖咸锐@4译@Aliao xian rui
801  0 @aCN@b深圳图书馆@c20040508
801  2 @aCN@bNLC@c20040508
905    @f3@b154497-499@dG804.4@e47
    
    运动学和应用解剖学/(美)拉希,(美)柏克著/胡〓,廖咸锐译.-北京:人民体育出版社,1985
    580页;19cm
    
    
    ISBN :CNY4.30
    
●
相关链接 在E读中查询图书 在五车中查询图书 在当当中查询图书 在豆瓣中查询图书


正题名:运动学和应用解剖学     索取号:G804.4/47         预约/预借

序号 登录号 条形码 馆藏地/架位号 状态 备注
1 0154497   000997577   密集书库/ [索取号:G804.4/47] 在馆    
2 0154498   000997595   密集书库/ [索取号:G804.4/47] 在馆    
3 0154499   000997586   密集书库/ [索取号:G804.4/47] 在馆    
4 0154501   202436907   第一样本阅览室/ [索取号:G804.4/47] 在馆    
唐山师范学院图书馆 欢迎您!
大连网信软件有限公司© 版权所有